<?xml version="1.0" encoding="UTF-8"?>
<record
    xmlns:xsi="http://www.w3.org/2001/XMLSchema-instance"
    xsi:schemaLocation="http://www.loc.gov/MARC21/slim http://www.loc.gov/standards/marcxml/schema/MARC21slim.xsd"
    xmlns="http://www.loc.gov/MARC21/slim">

  <leader>02727nam0a2200421 i 4500</leader>
  <controlfield tag="001">RU\NLR\BIBL_A\010739580</controlfield>
  <controlfield tag="005">20260407084314.0</controlfield>
  <datafield tag="010" ind1=" " ind2=" ">
    <subfield code="a">9785824318524</subfield>
    <subfield code="9">1000</subfield>
  </datafield>
  <datafield tag="021" ind1=" " ind2=" ">
    <subfield code="a">RU</subfield>
    <subfield code="b">15-18161</subfield>
  </datafield>
  <datafield tag="035" ind1=" " ind2=" ">
    <subfield code="a">(NILC)LIBNET\0000529264</subfield>
  </datafield>
  <datafield tag="035" ind1=" " ind2=" ">
    <subfield code="a">(NLR Aleph) 010739580</subfield>
  </datafield>
  <datafield tag="090" ind1=" " ind2=" ">
    <subfield code="a">9896769</subfield>
    <subfield code="c">9896769</subfield>
  </datafield>
  <datafield tag="100" ind1=" " ind2=" ">
    <subfield code="a">20150424d2014    km y0rusy50      ca</subfield>
  </datafield>
  <datafield tag="101" ind1="0" ind2=" ">
    <subfield code="a">rus</subfield>
  </datafield>
  <datafield tag="102" ind1=" " ind2=" ">
    <subfield code="a">RU</subfield>
  </datafield>
  <datafield tag="105" ind1=" " ind2=" ">
    <subfield code="a">ac||z|||001zd</subfield>
  </datafield>
  <datafield tag="200" ind1="1" ind2=" ">
    <subfield code="a">&#x413;&#x435;&#x442;&#x43C;&#x430;&#x43D; &#x41F;. &#x41F;. &#x421;&#x43A;&#x43E;&#x440;&#x43E;&#x43F;&#x430;&#x434;&#x441;&#x43A;&#x438;&#x439;. &#x423;&#x43A;&#x440;&#x430;&#x438;&#x43D;&#x430; &#x43D;&#x430; &#x43F;&#x435;&#x440;&#x435;&#x43B;&#x43E;&#x43C;&#x435;, 1918 &#x433;&#x43E;&#x434;</subfield>
    <subfield code="d">&#x413;&#x435;&#x442;&#x44C;&#x43C;&#x430;&#x43D; &#x41F;. &#x41F;. &#x421;&#x43A;&#x43E;&#x440;&#x43E;&#x43F;&#x430;&#x434;&#x441;&#x44C;&#x43A;&#x438;&#x439;. &#x423;&#x43A;&#x440;&#x430;&#xEF;&#x43D;&#x430; &#x43D;&#x430; &#x43F;&#x435;&#x440;&#x435;&#x43B;&#x43E;&#x43C;i, 1918 &#x440;i&#x43A;</subfield>
    <subfield code="e">[&#x441;&#x431;&#x43E;&#x440;&#x43D;&#x438;&#x43A; &#x434;&#x43E;&#x43A;&#x443;&#x43C;&#x435;&#x43D;&#x442;&#x43E;&#x432;]</subfield>
    <subfield code="f">&#x424;&#x435;&#x434;&#x435;&#x440;. &#x430;&#x440;&#x445;. &#x430;&#x433;&#x435;&#x43D;&#x442;&#x441;&#x442;&#x432;&#x43E; (&#x420;&#x43E;&#x441;. &#x424;&#x435;&#x434;&#x435;&#x440;&#x430;&#x446;&#x438;&#x44F;), &#x413;&#x43E;&#x441;. &#x430;&#x440;&#x445;. &#x420;&#x43E;&#x441;. &#x424;&#x435;&#x434;&#x435;&#x440;&#x430;&#x446;&#x438;&#x438;, &#x413;&#x43E;&#x441;. &#x430;&#x440;&#x445;. &#x441;&#x43B;&#x443;&#x436;&#x431;&#x430; &#x423;&#x43A;&#x440;&#x430;&#x438;&#x43D;&#x44B;, &#x426;&#x435;&#x43D;&#x442;&#x440;. &#x433;&#x43E;&#x441;. &#x430;&#x440;&#x445;. &#x432;&#x44B;&#x441;&#x448;. &#x43E;&#x440;&#x433;&#x430;&#x43D;&#x43E;&#x432; &#x432;&#x43B;&#x430;&#x441;&#x442;&#x438; &#x438; &#x443;&#x43F;&#x440;. &#x423;&#x43A;&#x440;&#x430;&#x438;&#x43D;&#x44B;</subfield>
    <subfield code="g">&#x440;&#x435;&#x434;. &#x441;&#x43E;&#x432;&#x435;&#x442;.: &#x410;. &#x41D;. &#x410;&#x440;&#x442;&#x438;&#x437;&#x43E;&#x432; (&#x441;&#x43E;&#x43F;&#x440;&#x435;&#x434;.), &#x414;. &#x412;. &#x422;&#x430;&#x431;&#x430;&#x447;&#x43D;&#x438;&#x43A; (&#x441;&#x43E;&#x43F;&#x440;&#x435;&#x434;.) [&#x438; &#x434;&#x440;.]</subfield>
    <subfield code="g">&#x43E;&#x442;&#x432;. &#x440;&#x435;&#x434;. &#x438; &#x43E;&#x442;&#x432;. &#x441;&#x43E;&#x441;&#x442;. &#x41E;. &#x41A;. &#x418;&#x432;&#x430;&#x43D;&#x446;&#x43E;&#x432;&#x430;</subfield>
    <subfield code="g">&#x441;&#x43E;&#x441;&#x442;.: &#x415;. &#x412;. &#x411;&#x430;&#x43B;&#x443;&#x448;&#x43A;&#x438;&#x43D;&#x430; [&#x438; &#x434;&#x440;.]</subfield>
    <subfield code="z">ukr</subfield>
  </datafield>
  <datafield tag="210" ind1=" " ind2=" ">
    <subfield code="a">&#x41C;&#x43E;&#x441;&#x43A;&#x432;&#x430;</subfield>
    <subfield code="c">&#x420;&#x41E;&#x421;&#x421;&#x41F;&#x42D;&#x41D;</subfield>
    <subfield code="d">2014</subfield>
  </datafield>
  <datafield tag="215" ind1=" " ind2=" ">
    <subfield code="a">1087 &#x441;., [4] &#x43B;. &#x438;&#x43B;., &#x43F;&#x43E;&#x440;&#x442;&#x440;.</subfield>
    <subfield code="c">&#x43F;&#x43E;&#x440;&#x442;&#x440;.</subfield>
    <subfield code="d">25</subfield>
  </datafield>
  <datafield tag="320" ind1=" " ind2=" ">
    <subfield code="a">&#x411;&#x438;&#x431;&#x43B;&#x438;&#x43E;&#x433;&#x440;. &#x432; &#x43F;&#x440;&#x438;&#x43C;&#x435;&#x447;.: &#x441;. 860-982, &#x432; &#x442;&#x435;&#x43A;&#x441;&#x442;&#x435; &#x438; &#x432; &#x43F;&#x43E;&#x434;&#x441;&#x442;&#x440;&#x43E;&#x447;. &#x43F;&#x440;&#x438;&#x43C;&#x435;&#x447;.</subfield>
  </datafield>
  <datafield tag="320" ind1=" " ind2=" ">
    <subfield code="a">&#x418;&#x43C;&#x435;&#x43D;. &#x443;&#x43A;&#x430;&#x437;.: &#x441;. 1062-1076</subfield>
  </datafield>
  <datafield tag="320" ind1=" " ind2=" ">
    <subfield code="a">&#x413;&#x435;&#x43E;&#x433;&#x440;. &#x443;&#x43A;&#x430;&#x437;.: &#x441;. 1077-1083</subfield>
  </datafield>
  <datafield tag="510" ind1="1" ind2=" ">
    <subfield code="a">&#x413;&#x435;&#x442;&#x44C;&#x43C;&#x430;&#x43D; &#x41F;. &#x41F;. &#x421;&#x43A;&#x43E;&#x440;&#x43E;&#x43F;&#x430;&#x434;&#x441;&#x44C;&#x43A;&#x438;&#x439;. &#x423;&#x43A;&#x440;&#x430;&#xEF;&#x43D;&#x430; &#x43D;&#x430; &#x43F;&#x435;&#x440;&#x435;&#x43B;&#x43E;&#x43C;i, 1918 &#x440;i&#x43A;</subfield>
    <subfield code="z">ukr</subfield>
  </datafield>
  <datafield tag="517" ind1="1" ind2=" ">
    <subfield code="a">&#x423;&#x43A;&#x440;&#x430;&#x438;&#x43D;&#x430; &#x43D;&#x430; &#x43F;&#x435;&#x440;&#x435;&#x43B;&#x43E;&#x43C;&#x435;, 1918 &#x433;&#x43E;&#x434;</subfield>
  </datafield>
  <datafield tag="600" ind1=" " ind2="1">
    <subfield code="a">&#x421;&#x43A;&#x43E;&#x440;&#x43E;&#x43F;&#x430;&#x434;&#x441;&#x43A;&#x438;&#x439;</subfield>
    <subfield code="b">&#x41F;.&#x41F;.</subfield>
    <subfield code="f">1873 - 1945</subfield>
    <subfield code="g">&#x41F;&#x430;&#x432;&#x435;&#x43B; &#x41F;&#x435;&#x442;&#x440;&#x43E;&#x432;&#x438;&#x447;</subfield>
    <subfield code="9">2565350</subfield>
    <subfield code="3">RU\NLR\AUTH\661517280</subfield>
  </datafield>
  <datafield tag="686" ind1=" " ind2=" ">
    <subfield code="a">63.3(4&#x423;&#x43A;&#x440;)61</subfield>
    <subfield code="v">LBC/M</subfield>
    <subfield code="2">rubbk</subfield>
  </datafield>
  <datafield tag="686" ind1="1" ind2=" ">
    <subfield code="a">&#x422;3(2&#x423;&#x43A;)52-8</subfield>
  </datafield>
  <datafield tag="702" ind1=" " ind2="1">
    <subfield code="a">&#x418;&#x432;&#x430;&#x43D;&#x446;&#x43E;&#x432;&#x430;</subfield>
    <subfield code="b">&#x41E;. &#x41A;.</subfield>
    <subfield code="g">&#x41E;&#x43B;&#x44C;&#x433;&#x430; &#x41A;&#x43E;&#x43D;&#x441;&#x442;&#x430;&#x43D;&#x442;&#x438;&#x43D;&#x43E;&#x432;&#x43D;&#x430;</subfield>
    <subfield code="4">340</subfield>
    <subfield code="4">220</subfield>
  </datafield>
  <datafield tag="702" ind1=" " ind2="1">
    <subfield code="4">570</subfield>
    <subfield code="7">ca</subfield>
    <subfield code="8">rus</subfield>
    <subfield code="a">&#x421;&#x43A;&#x43E;&#x440;&#x43E;&#x43F;&#x430;&#x434;&#x441;&#x43A;&#x438;&#x439;</subfield>
    <subfield code="b">&#x41F;. &#x41F;.</subfield>
    <subfield code="c">&#x432;&#x43E;&#x435;&#x43D;. &#x438; &#x433;&#x43E;&#x441;. &#x434;&#x435;&#x44F;&#x442;&#x435;&#x43B;&#x44C;</subfield>
    <subfield code="f">1873-1945</subfield>
    <subfield code="g">&#x41F;&#x430;&#x432;&#x435;&#x43B; &#x41F;&#x435;&#x442;&#x440;&#x43E;&#x432;&#x438;&#x447;</subfield>
    <subfield code="9">211172</subfield>
    <subfield code="3">RU\NLR\AUTH\770211228</subfield>
  </datafield>
  <datafield tag="712" ind1="0" ind2="2">
    <subfield code="4">570</subfield>
    <subfield code="a">&#x413;&#x43E;&#x441;&#x443;&#x434;&#x430;&#x440;&#x441;&#x442;&#x432;&#x435;&#x43D;&#x43D;&#x44B;&#x439; &#x430;&#x440;&#x445;&#x438;&#x432; &#x420;&#x43E;&#x441;&#x441;&#x438;&#x439;&#x441;&#x43A;&#x43E;&#x439; &#x424;&#x435;&#x434;&#x435;&#x440;&#x430;&#x446;&#x438;&#x438;</subfield>
    <subfield code="3">RU\NLR\AUTH\8812326</subfield>
    <subfield code="9">297392</subfield>
  </datafield>
  <datafield tag="712" ind1="0" ind2="2">
    <subfield code="4">570</subfield>
    <subfield code="a">&#x426;&#x435;&#x43D;&#x442;&#x440;&#x430;&#x43B;&#x44C;&#x43D;&#x44B;&#x439; &#x433;&#x43E;&#x441;&#x443;&#x434;&#x430;&#x440;&#x441;&#x442;&#x432;&#x435;&#x43D;&#x43D;&#x44B;&#x439; &#x430;&#x440;&#x445;&#x438;&#x432; &#x432;&#x44B;&#x441;&#x448;&#x438;&#x445; &#x43E;&#x440;&#x433;&#x430;&#x43D;&#x43E;&#x432; &#x432;&#x43B;&#x430;&#x441;&#x442;&#x438; &#x438; &#x443;&#x43F;&#x440;&#x430;&#x432;&#x43B;&#x435;&#x43D;&#x438;&#x44F; &#x423;&#x43A;&#x440;&#x430;&#x438;&#x43D;&#x44B;</subfield>
    <subfield code="c">&#x41A;&#x438;&#x435;&#x432;</subfield>
    <subfield code="9">462995</subfield>
    <subfield code="3">RU\NLR\AUTH\880398128</subfield>
  </datafield>
  <datafield tag="801" ind1=" " ind2="0">
    <subfield code="a">RU</subfield>
    <subfield code="b">&#x41C;&#x443;&#x440;&#x43C;&#x430;&#x43D;&#x441;&#x43A;&#x430;&#x44F; &#x413;&#x41E;&#x423;&#x41D;&#x411;</subfield>
    <subfield code="c">20150312</subfield>
    <subfield code="g">rcr</subfield>
  </datafield>
  <datafield tag="801" ind1=" " ind2="1">
    <subfield code="a">RU</subfield>
    <subfield code="b">&#x41C;&#x443;&#x440;&#x43C;&#x430;&#x43D;&#x441;&#x43A;&#x430;&#x44F; &#x413;&#x41E;&#x423;&#x41D;&#x411;</subfield>
    <subfield code="c">20150312</subfield>
    <subfield code="2">rusmarc</subfield>
  </datafield>
  <datafield tag="942" ind1=" " ind2=" ">
    <subfield code="c">BOOK</subfield>
  </datafield>
  <datafield tag="980" ind1=" " ind2=" ">
    <subfield code="a">NBR</subfield>
  </datafield>
</record>
